| 000 | 01069nam a2200253Ia 4500 | ||
|---|---|---|---|
| 003 | OSt | ||
| 005 | 20220930204433.0 | ||
| 006 | a|||||r|||| 00| 0 | ||
| 007 | ta | ||
| 008 | 220926b |||||||| |||| 00| 0 hin d | ||
| 024 | _a56625 | ||
| 037 | _cDissertations | ||
| 040 |
_aCRL _cCRL _bhin |
||
| 041 |
_2hin _ahin |
||
| 100 | _aसिंह, ललित कुमार, ले. | ||
| 110 | _aदिल्ली विश्वविद्यालय. कला संकाय. हिंदी विभाग | ||
| 245 | 0 | _aग्रिप्स रंगमंचीय अवधारण तथा नाटक ‘रानी और पिंटू’। | |
| 246 | _aGripsa rangamanchīya avadhāraṇ tathā nāṭak ṣhrānī aur pianṭūṣh। | ||
| 260 | _c2017 | ||
| 300 |
_a93 पृ. _ccm. |
||
| 700 | _aदिल्ली विश्वविद्यालय. कला संकाय. हिंदी विभाग | ||
| 942 |
_cDIS _2CC |
||
| 999 |
_c906033 _d906033 |
||